00231 a2200097 4500000002500000100002000025245005300045260000900098264000900107999001700116 nam a22 7a 4500 aBank of Zambia  aMonetary policy statement : July - December 2020 c2020 c2020 c86729d86729